[Event "Ankara Baskent Univ op-B 3rd"]
[Site "Ankara"]
[Date "2018.08.30"]
[Round "6"]
[White "Karabas, Baris"]
[Black "Sinay, Ahmet"]
[Result "1-0"]
[WhiteElo "1643"]
[BlackElo "1512"]
[PlyCount "91"]
[EventDate "2018.08.27"]
[EventType "swiss"]
[EventRounds "9"]
[EventCountry "TUR"]
[SourceTitle "EXT 2021"]
[Source "ChessBase"]
[SourceDate "2020.10.23"]
[SourceVersion "1"]
[SourceVersionDate "2020.10.23"]
[SourceQuality "1"]

1. Nf3 Nf6 2. g3 g6 3. Bg2 Bg7 4. 0-0 0-0 5. d3 d5 6. Nbd2 c5 7. e4 e6 8. c3 dxe4 9. dxe4 Nc6 10. Qe2 Qc7 11. Ne1 b6 12. e5 Nd7 13. f4 f5 14. Nc2 a6 15. Nc4 a5 16. Qf3 Ndb8 17. Nd6 Ba6 18. Rd1 Ra7 19. Na3 Rd8 20. Ndb5 Bxb5 21. Nxb5 Rxd1+ 22. Qxd1 Qd7 23. Be3 Qxd1+ 24. Rxd1 Bf8 25. Bxc6 Nxc6 26. Nxa7 Nxa7 27. Rd7 Nc8 28. Rb7 g5 29. c4 gxf4 30. gxf4 Ne7 31. Rxb6 Ng6 32. Rb5 Nh4 33. Kf2 Ng6 34. Rxa5 Be7 35. Rb5 Bh4+ 36. Ke2 Be7 37. a4 Nh4 38. a5 Ng2 39. a6 Nxe3 40. Kxe3 h5 41. a7 Kg7 42. a8Q Kh6 43. Rb7 h4 44. Rxe7 Kh5 45. Rg7 h3 46. Qh8# 1-0

[Event "Ankara Baskent Univ op-B 3rd"]
[Site "Ankara"]
[Date "2018.08.28"]
[Round "3"]
[White "Kara, Kaan"]
[Black "Karabas, Baris"]
[Result "0-1"]
[WhiteElo "1526"]
[BlackElo "1643"]
[PlyCount "86"]
[EventDate "2018.08.27"]
[EventType "swiss"]
[EventRounds "9"]
[EventCountry "TUR"]
[SourceTitle "EXT 2021"]
[Source "ChessBase"]
[SourceDate "2020.10.23"]
[SourceVersion "1"]
[SourceVersionDate "2020.10.23"]
[SourceQuality "1"]

1. d4 Nf6 2. Nf3 g6 3. Bf4 Bg7 4. e3 d6 5. Bd3 0-0 6. h3 Nbd7 7. c3 Re8 8. 0-0 e5 9. dxe5 dxe5 10. Ng5 exf4 11. Qb3 Rf8 12. Bc2 Nc5 13. Qc4 Ne6 14. Rd1 Qe7 15. exf4 Nxg5 16. fxg5 Ne8 17. Nd2 Nd6 18. Qc5 b6 19. Qe3 Qxe3 20. fxe3 Bb7 21. Kf2 Rfe8 22. Rf1 Ne4+ 23. Nxe4 Bxe4 24. Bb3 Rad8 25. Rad1 Bd3 26. Rxd3 Rxd3 27. Bxf7+ Kxf7 28. Ke2+ Ke7 29. Kxd3 Rf8 30. Rf4 Rxf4 31. exf4 Ke6 32. Ke4 h6 33. gxh6 Bxh6 34. g4 c6 35. h4 Bf8 36. a4 a5 37. c4 Be7 38. f5+ gxf5+ 39. gxf5+ Kd6 40. h5 Bf8 41. b3 Bh6 42. Kd4 c5+ 43. Ke4 Bg5 0-1

[Event "Ankara Baskent Univ op 2nd"]
[Site "Ankara"]
[Date "2017.07.01"]
[Round "2"]
[White "Karabas, Baris"]
[Black "Dusmez, Ahmet Alp"]
[Result "1-0"]
[WhiteElo "1598"]
[BlackElo "1353"]
[PlyCount "89"]
[EventDate "2017.06.30"]
[EventType "swiss"]
[EventRounds "9"]
[EventCountry "TUR"]
[SourceTitle "CBM 179 Extra"]
[Source "ChessBase"]
[SourceDate "2017.08.23"]
[SourceVersion "1"]
[SourceVersionDate "2017.08.23"]
[SourceQuality "1"]

1. Nf3 Nf6 2. g3 d6 3. Bg2 g6 4. 0-0 Bg7 5. d3 0-0 6. e4 e5 7. Re1 Nbd7 8. c3 Re8 9. Qc2 d5 10. exd5 Nxd5 11. Na3 N7b6 12. Nc4 Nxc4 13. dxc4 Nb6 14. b3 Bf5 15. Qb2 c6 16. Bg5 f6 17. Rad1 Qc7 18. Be3 Rad8 19. a4 c5 20. Qa3 Bf8 21. a5 Nd7 22. Nh4 Bg4 23. Bd5+ Kh8 24. f3 Be6 25. Rd2 b6 26. Red1 Bxd5 27. cxd5 c4 28. b4 bxa5 29. Qxa5 Qxa5 30. bxa5 Bc5 31. Ng2 Rb8 32. Bxc5 Nxc5 33. Ne3 Nb3 34. Ra2 Rbc8 35. Ra4 Rc5 36. Rxc4 Rxa5 37. d6 Rd8 38. d7 Nc5 39. Rd5 Nb7 40. Rc7 Rxd5 41. Nxd5 Nd6 42. Nb4 Nf7 43. Nc6 Kg7 44. Nxd8 Nxd8 45. Rc8 1-0